<?xml version="1.0" encoding="UTF-8"?>
<record
    xmlns:xsi="http://www.w3.org/2001/XMLSchema-instance"
    xsi:schemaLocation="http://www.loc.gov/MARC21/slim http://www.loc.gov/standards/marcxml/schema/MARC21slim.xsd"
    xmlns="http://www.loc.gov/MARC21/slim">

  <leader>01891nam a2200553 a 4500</leader>
  <controlfield tag="005">20240430091705.0</controlfield>
  <controlfield tag="008">100708s2013    sp a   f |||| 001 0 spa d</controlfield>
  <datafield tag="020" ind1=" " ind2=" ">
    <subfield code="a">9788471015594</subfield>
  </datafield>
  <datafield tag="041" ind1=" " ind2=" ">
    <subfield code="a">spa</subfield>
  </datafield>
  <datafield tag="092" ind1=" " ind2=" ">
    <subfield code="c">616.0757</subfield>
    <subfield code="l">91</subfield>
    <subfield code="s">VEL</subfield>
  </datafield>
  <datafield tag="100" ind1="1" ind2=" ">
    <subfield code="a">V&#xE9;lez Rodr&#xED;guez, Desir&#xE9;e</subfield>
    <subfield code="9">2840</subfield>
  </datafield>
  <datafield tag="245" ind1=" " ind2=" ">
    <subfield code="a">ECG.</subfield>
    <subfield code="b">Electrocardiograf&#xED;a /</subfield>
    <subfield code="c">Desir&#xE9;e V&#xE9;lez Rodr&#xED;guez</subfield>
  </datafield>
  <datafield tag="250" ind1=" " ind2=" ">
    <subfield code="a">2a ed.</subfield>
  </datafield>
  <datafield tag="260" ind1=" " ind2=" ">
    <subfield code="a">Madrid: </subfield>
    <subfield code="b">Marb&#xE1;n;</subfield>
    <subfield code="c">2013.</subfield>
  </datafield>
  <datafield tag="300" ind1=" " ind2=" ">
    <subfield code="a">470 p.</subfield>
  </datafield>
  <datafield tag="500" ind1=" " ind2=" ">
    <subfield code="a">V&#xE9;lez Rodr&#xED;guez, D. (2013). ECG. Electrocardiograf&#xED;a. (2a ed.). Madrid : Marb&#xE1;n.</subfield>
  </datafield>
  <datafield tag="653" ind1=" " ind2=" ">
    <subfield code="a">Principios de electrocardiograf&#xED;a</subfield>
  </datafield>
  <datafield tag="653" ind1=" " ind2=" ">
    <subfield code="a">Derivaciones</subfield>
  </datafield>
  <datafield tag="653" ind1=" " ind2=" ">
    <subfield code="a">Activaci&#xF3;n cardiaca normal</subfield>
  </datafield>
  <datafield tag="653" ind1=" " ind2=" ">
    <subfield code="a">Electrocardiografia normal</subfield>
  </datafield>
  <datafield tag="653" ind1=" " ind2=" ">
    <subfield code="a">Vector cardiaco</subfield>
  </datafield>
  <datafield tag="653" ind1=" " ind2=" ">
    <subfield code="a">Rutina de interpretaci&#xF3;n del ECG</subfield>
  </datafield>
  <datafield tag="653" ind1=" " ind2=" ">
    <subfield code="a">Frecuencia cardiaca y ritmo</subfield>
  </datafield>
  <datafield tag="653" ind1=" " ind2=" ">
    <subfield code="a">Bradiarritmias</subfield>
  </datafield>
  <datafield tag="653" ind1=" " ind2=" ">
    <subfield code="a">Taquiarritmias</subfield>
  </datafield>
  <datafield tag="653" ind1=" " ind2=" ">
    <subfield code="a">Taquiarritmia irregular QRS estrecho</subfield>
  </datafield>
  <datafield tag="653" ind1=" " ind2=" ">
    <subfield code="a">Taquiarritmia regular QRS estrecho</subfield>
  </datafield>
  <datafield tag="653" ind1=" " ind2=" ">
    <subfield code="a">Taquiarritmia irregular QRS ancho</subfield>
  </datafield>
  <datafield tag="653" ind1=" " ind2=" ">
    <subfield code="a">Taquiarritmia regular QRS ancho</subfield>
  </datafield>
  <datafield tag="653" ind1=" " ind2=" ">
    <subfield code="a">Extras&#xED;stole y latido escape</subfield>
  </datafield>
  <datafield tag="653" ind1=" " ind2=" ">
    <subfield code="a">Ondas P</subfield>
  </datafield>
  <datafield tag="653" ind1=" " ind2=" ">
    <subfield code="a">Bloqueos AV</subfield>
  </datafield>
  <datafield tag="653" ind1=" " ind2=" ">
    <subfield code="a">Preexitaci&#xF3;n ventricular</subfield>
  </datafield>
  <datafield tag="653" ind1=" " ind2=" ">
    <subfield code="a">Eje</subfield>
  </datafield>
  <datafield tag="653" ind1=" " ind2=" ">
    <subfield code="a">Hemibloqueo</subfield>
  </datafield>
  <datafield tag="653" ind1=" " ind2=" ">
    <subfield code="a">Bloqueo de rama</subfield>
  </datafield>
  <datafield tag="653" ind1=" " ind2=" ">
    <subfield code="a">Crecimiento ventricular izquierdo</subfield>
  </datafield>
  <datafield tag="653" ind1=" " ind2=" ">
    <subfield code="a">Ondas Q</subfield>
  </datafield>
  <datafield tag="653" ind1=" " ind2=" ">
    <subfield code="a">Crecimiento ventricular derecho</subfield>
  </datafield>
  <datafield tag="653" ind1=" " ind2=" ">
    <subfield code="a">Progresi&#xF3;n onda R en precordiales</subfield>
  </datafield>
  <datafield tag="653" ind1=" " ind2=" ">
    <subfield code="a">Repolarizaci&#xF3;n ventricular</subfield>
  </datafield>
  <datafield tag="653" ind1=" " ind2=" ">
    <subfield code="a">Isquemia y lesi&#xF3;n mioc&#xE1;rdicas</subfield>
  </datafield>
  <datafield tag="653" ind1=" " ind2=" ">
    <subfield code="a">Infarto agudo de miocardio</subfield>
  </datafield>
  <datafield tag="653" ind1=" " ind2=" ">
    <subfield code="a">Alteraciones ECG diversas</subfield>
  </datafield>
  <datafield tag="653" ind1=" " ind2=" ">
    <subfield code="a">Ap&#xE9;ndice: F&#xE1;rmacos de uso cardiovascular</subfield>
  </datafield>
  <datafield tag="653" ind1=" " ind2=" ">
    <subfield code="a">Ap&#xE9;ndice: Clasificaci&#xF3;n de los f&#xE1;rmacos antiarr&#xED;tmicos</subfield>
  </datafield>
  <datafield tag="653" ind1=" " ind2=" ">
    <subfield code="a">Ap&#xE9;ndice: uso cl&#xED;nico de los f&#xE1;rmacos antirr&#xED;tmicos</subfield>
  </datafield>
  <datafield tag="942" ind1=" " ind2=" ">
    <subfield code="2">ddc</subfield>
    <subfield code="c">BK</subfield>
    <subfield code="0">4</subfield>
  </datafield>
  <datafield tag="999" ind1=" " ind2=" ">
    <subfield code="c">2059</subfield>
    <subfield code="d">2059</subfield>
  </datafield>
  <datafield tag="952" ind1=" " ind2=" ">
    <subfield code="0">0</subfield>
    <subfield code="1">0</subfield>
    <subfield code="2">ddc</subfield>
    <subfield code="4">0</subfield>
    <subfield code="7">0</subfield>
    <subfield code="a">BFM</subfield>
    <subfield code="b">BFM</subfield>
    <subfield code="c">CR</subfield>
    <subfield code="d">2013-11-19</subfield>
    <subfield code="g">90.00</subfield>
    <subfield code="l">61</subfield>
    <subfield code="m">12</subfield>
    <subfield code="o">616.0757 91 VEL</subfield>
    <subfield code="p">3169</subfield>
    <subfield code="r">2025-10-15</subfield>
    <subfield code="s">2025-10-09</subfield>
    <subfield code="t">Ej.1</subfield>
    <subfield code="w">2013-11-19</subfield>
    <subfield code="y">BK</subfield>
    <subfield code="z"> COMPRA PROMED 3ER A&#xD1;O, NOVIEMBRE 2013</subfield>
  </datafield>
  <datafield tag="952" ind1=" " ind2=" ">
    <subfield code="0">0</subfield>
    <subfield code="1">0</subfield>
    <subfield code="2">ddc</subfield>
    <subfield code="4">0</subfield>
    <subfield code="7">0</subfield>
    <subfield code="a">BFM</subfield>
    <subfield code="b">BFM</subfield>
    <subfield code="c">CR</subfield>
    <subfield code="d">2013-11-19</subfield>
    <subfield code="g">90.00</subfield>
    <subfield code="l">105</subfield>
    <subfield code="m">21</subfield>
    <subfield code="o">616.0757 91 VEL</subfield>
    <subfield code="p">3170</subfield>
    <subfield code="r">2025-10-28</subfield>
    <subfield code="s">2025-10-15</subfield>
    <subfield code="t">Ej.2</subfield>
    <subfield code="w">2013-11-19</subfield>
    <subfield code="y">BK</subfield>
    <subfield code="z">COMPRA PROMED 3ER A&#xD1;O, NOVIEMBRE 2013.</subfield>
    <subfield code="f"></subfield>
  </datafield>
  <datafield tag="952" ind1=" " ind2=" ">
    <subfield code="0">0</subfield>
    <subfield code="1">0</subfield>
    <subfield code="2">ddc</subfield>
    <subfield code="4">0</subfield>
    <subfield code="7">0</subfield>
    <subfield code="a">BFM</subfield>
    <subfield code="b">BFM</subfield>
    <subfield code="c">CR</subfield>
    <subfield code="d">2013-11-19</subfield>
    <subfield code="e">Reemplazo de Ej. por perdida de Cruz, Laura. 30/05/2016</subfield>
    <subfield code="g">90.00</subfield>
    <subfield code="l">87</subfield>
    <subfield code="m">14</subfield>
    <subfield code="o">616.0757 91 VEL</subfield>
    <subfield code="p">3171</subfield>
    <subfield code="r">2025-10-15</subfield>
    <subfield code="s">2025-10-08</subfield>
    <subfield code="t">Ej.3</subfield>
    <subfield code="w">2013-11-19</subfield>
    <subfield code="y">BK</subfield>
    <subfield code="z">COMPRA PROMED 3ER A&#xD1;O, NOVIEMBRE 2013. Ejemplar reemplazado por perdida, por Cruz, Laura 30/05/2016</subfield>
  </datafield>
  <datafield tag="952" ind1=" " ind2=" ">
    <subfield code="0">0</subfield>
    <subfield code="1">0</subfield>
    <subfield code="2">ddc</subfield>
    <subfield code="4">0</subfield>
    <subfield code="7">0</subfield>
    <subfield code="a">BFM</subfield>
    <subfield code="b">BFM</subfield>
    <subfield code="c">CR</subfield>
    <subfield code="d">2013-11-19</subfield>
    <subfield code="g">90.00</subfield>
    <subfield code="l">96</subfield>
    <subfield code="m">25</subfield>
    <subfield code="o">616.0757 91 VEL</subfield>
    <subfield code="p">3172</subfield>
    <subfield code="r">2026-04-06</subfield>
    <subfield code="s">2026-03-27</subfield>
    <subfield code="t">Ej.4</subfield>
    <subfield code="w">2013-11-19</subfield>
    <subfield code="y">BK</subfield>
    <subfield code="z">COMPRA PROMED 3ER A&#xD1;O, NOVIEMBRE 2013.</subfield>
    <subfield code="f"></subfield>
  </datafield>
  <datafield tag="952" ind1=" " ind2=" ">
    <subfield code="0">0</subfield>
    <subfield code="1">0</subfield>
    <subfield code="2">ddc</subfield>
    <subfield code="4">0</subfield>
    <subfield code="7">0</subfield>
    <subfield code="8">REF</subfield>
    <subfield code="a">BFM</subfield>
    <subfield code="b">BFM</subfield>
    <subfield code="c">REF</subfield>
    <subfield code="d">2015-02-05</subfield>
    <subfield code="g">210.00</subfield>
    <subfield code="l">7</subfield>
    <subfield code="o">616.0757 91 VEL</subfield>
    <subfield code="p">3430</subfield>
    <subfield code="r">2023-10-02</subfield>
    <subfield code="s">2023-09-29</subfield>
    <subfield code="t">Ej.5</subfield>
    <subfield code="w">2015-02-05</subfield>
    <subfield code="y">REF</subfield>
    <subfield code="z">LIBRO DE CONSULTA. COMPRA ENERO 2015</subfield>
  </datafield>
  <datafield tag="952" ind1=" " ind2=" ">
    <subfield code="0">0</subfield>
    <subfield code="1">0</subfield>
    <subfield code="2">ddc</subfield>
    <subfield code="4">0</subfield>
    <subfield code="7">0</subfield>
    <subfield code="a">BFM</subfield>
    <subfield code="b">BFM</subfield>
    <subfield code="c">CR</subfield>
    <subfield code="d">2015-02-05</subfield>
    <subfield code="g">210.00</subfield>
    <subfield code="l">142</subfield>
    <subfield code="m">37</subfield>
    <subfield code="o">616.0757 91 VEL</subfield>
    <subfield code="p">3431</subfield>
    <subfield code="r">2026-04-16</subfield>
    <subfield code="s">2026-04-10</subfield>
    <subfield code="t">Ej.6</subfield>
    <subfield code="w">2015-02-05</subfield>
    <subfield code="y">BK</subfield>
    <subfield code="z">COMPRA ENERO 2015.</subfield>
    <subfield code="f"></subfield>
  </datafield>
</record>
